Role of artificial intelligence in tourism and hospitality sector / (Record no. 52658)

MARC details
000 -LEADER
fixed length control field 00675nam a2200229Ia 4500
005 - DATE AND TIME OF LATEST TRANSACTION
control field 20260429112147.0
008 - FIXED-LENGTH DATA ELEMENTS--GENERAL INFORMATION
fixed length control field 260429s9999||||xx |||||||||||||| ||und||
020 ## - INTERNATIONAL STANDARD BOOK NUMBER
International Standard Book Number 9781032898858
041 ## - LANGUAGE CODE
Language English
082 ## - DEWEY DECIMAL CLASSIFICATION NUMBER
Classification number 910.2856
Item number JER
100 ## - MAIN ENTRY--PERSONAL NAME
Personal name Jerez-Jerez, Maria Jesus
245 #0 - TITLE STATEMENT
Title Role of artificial intelligence in tourism and hospitality sector /
Statement of responsibility, etc Maria Jesus Jerez-Jerez
250 ## - EDITION STATEMENT
Edition statement 1st ed.
260 ## - PUBLICATION, DISTRIBUTION, ETC. (IMPRINT)
Place of publication, distribution, etc London :
Name of publisher, distributor, etc Routledge,
Date of publication, distribution, etc 2025.
300 ## - PHYSICAL DESCRIPTION
Extent xv, 375 p.; pbk
650 ## - SUBJECT ADDED ENTRY--TOPICAL TERM
Topical term or geographic name as entry element Hospitality sector
650 ## - SUBJECT ADDED ENTRY--TOPICAL TERM
Topical term or geographic name as entry element Tourism
650 ## - SUBJECT ADDED ENTRY--TOPICAL TERM
Topical term or geographic name as entry element Artificial intelligence
700 ## - ADDED ENTRY--PERSONAL NAME
Personal name Aguiar-Castillo, Lidia
700 ## - ADDED ENTRY--PERSONAL NAME
Personal name Sevilla-Sevilla, Claudia
942 ## - ADDED ENTRY ELEMENTS (KOHA)
Koha item type Text Books
Holdings
Withdrawn status Lost status Damaged status Not for loan Collection code Home library Location Shelving location Date of Cataloging Source of acquisition Total Checkouts Full call number Barcode Date last seen Price effective from Koha item type
        Non-fiction CUTN Central Library CUTN Central Library History & Geography 29/04/2026 TBH Library Book Suppliers, Chennai - Invoice No. SINV00733 on 09-02-2026   910.2856 JER 57761 29/04/2026 29/04/2026 Text Books